Веб-технологии для математика: основы MathML: практическое руководство

Detaylı Bibliyografya
Yazar: Елизаров А. М. Александр Михайлович
Diğer Yazarlar: Липачев Е. К. Евгений Константинович, Малахальцев М. А. Михаил Арменович
Özet:Руководство содержит рекомендации по подготовке математических текстов для публикаций в электронной форме с использованием языка MathML. Описаны технология MathML и программные средства, позволяющие конвертировать в MathML документы, подготовленные с помощью имеющихся стандартных технологий (MathML, Mathematica, Maple, Word). Для научных работников, преподавателей, аспирантов и студентов, специализирующихся в области естественных наук.
Dil:Rusça
Baskı/Yayın Bilgisi: Москва, Физматлит, 2010
Konular:
Materyal Türü: MixedMaterials Kitap
KOHA link:https://koha.lib.tpu.ru/cgi-bin/koha/opac-detail.pl?biblionumber=183948

MARC

LEADER 00000nam0a2200000 4500
001 183948
005 20231101223814.0
010 |a 9785922112208 
035 |a (RuTPU)RU\TPU\book\199422 
090 |a 183948 
100 |a 20100825d2010 km y0rusy50 ca 
101 0 |a rus 
102 |a RU 
105 |a a z 001zy 
200 1 |a Веб-технологии для математика: основы MathML  |e практическое руководство  |f А. М. Елизаров, Е. К. Липачев, М. А. Малахальцев 
210 |a Москва  |c Физматлит  |d 2010 
215 |a 192 с.  |c ил. 
320 |a Библиогр.: с. 190-192. 
330 |a Руководство содержит рекомендации по подготовке математических текстов для публикаций в электронной форме с использованием языка MathML. Описаны технология MathML и программные средства, позволяющие конвертировать в MathML документы, подготовленные с помощью имеющихся стандартных технологий (MathML, Mathematica, Maple, Word). Для научных работников, преподавателей, аспирантов и студентов, специализирующихся в области естественных наук. 
606 1 |a Разметки языки  |2 stltpush  |3 (RuTPU)RU\TPU\subj\70168  |9 84629 
610 1 |a математические тексты 
610 1 |a MathML 
610 1 |a XML 
610 1 |a разметка 
610 1 |a синтаксис 
610 1 |a Web-технологии 
610 1 |a рекомендации 
610 1 |a практические пособия 
675 |a 681.3.06:800.92  |v 3 
700 1 |a Елизаров  |b А. М.  |g Александр Михайлович 
701 1 |a Липачев  |b Е. К.  |g Евгений Константинович 
701 1 |a Малахальцев  |b М. А.  |g Михаил Арменович 
801 1 |a RU  |b 63413507  |c 20100825 
801 2 |a RU  |b 63413507  |c 20210205  |g RCR 
942 |c BK 
959 |a 52/20100825  |d 5  |e 187,00  |f АНЛ:1  |f ЧЗТЛ:1  |f УФ:3